000 00598nam a2200241Ia 4500
003 0100
008 130303s9999 xx 000 0 und d
020 _a0226039625
040 _cARRUPELIB
050 _aHM753.B38513 2005
100 _aBayart, Jean-Francois
245 4 _aThe illusion of cultural identity
260 _aChicago
260 _bUniversity of Chicago Press
260 _C2005
300 _a303p.
300 _b 22cm.
650 _bThought and thinking
650 _cEthnopsychology
650 _dMan
700 _aRendall, Steven ... et al. (tr.)
942 _2lcc
_02
999 _c65178
_d65178